000 00871nam a22002057a 4500
005 20220312094855.0
008 220310b ||||| |||| 00| 0 eng d
040 _cAloy
041 _akok
082 _223
_a891.46301
_bKAMG
100 _aSima R Kamat: ಸೀಮಾ ಆರ್ ಕಾಮತ್
_923455
245 _aGajabaje: Sagata Bhavanacho Kaniyo:
_bಗಜಬಜೆ: ಸಗಟ ಭಾವನಾಂಚೊ ಕಾಣಿಯೊ
260 _aManglur
_bKarnataka Konkani Sahitya Akademi
_c2021
300 _aviii,104 p.
_bPB
_c21x14 cm.
365 _2Konkani
_a1677
_b60.00
_c
_d75.00
_e20%
_f04-03-2022
650 _aKonkani Fiction: ಕೊಂಕ್ಣಿ ಕಾಣಿಯೊ
_923260
650 _aKonkani Literature: ಕೊಂಕ್ಣಿ ಸಾಹಿತ್ಯ್
_923261
700 _aKAMAT (SIMA R): ಕಾಮತ್ (ಸೀಮಾ ಆರ್)
_923262
942 _2ddc
_cBK
999 _c221801
_d221801